000 00944nam a2200253 b 4500
005 20140903175127.0
008 140711s2003 sp o gr ||| ||spa
020 _a8423334937
040 _aCO-BoUCM
_bspa
_cJose A. Gerena
_dJose A. Gerena
041 1 _aspa
100 1 _aHaffner, Sebastian
_d1907-1999
_962868
245 1 0 _aWinston Churchill
_buna biografía
_cSebastian Haffner ; traducción de Rosa Sala Rose
260 _aBarcelona (España)
_bBooket
_c2003
300 _a260 páginas
_bfotografías
490 1 _aBiografías
_v3057
600 1 _aChurchill, Winston
_d1874-1965
_xBiografías
_962869
600 1 _aChurchill, Winston
_d1874-1965
_xPensamiento político
_962870
650 7 _918542
_aLideres políticos
_zInglaterra
650 7 _939974
_aGuerra mundial, II
651 4 _aInglaterra
_xHistoria
_962871
690 _942750
_aBiografías
942 _a18
_cLIBRO
_e1
_mH138
_2DEWEY
_h923.242
999 _c273790
_d273790